Statystyki dla Największe miasta Ameryki Północnej

Kliknij tutaj aby rozwiązać quiz!

Ogólne statystyki

  • Ten quiz został rozwiązany 368 razy
  • Średni wynik to 6 z 10

Statystyki odpowiedzi

lp.PopulacjaMiasto% Poprawnych
28 336 697Nowy Jork
98%
33 999 759Los Angeles
91%
18 918 653Meksyk
89%
42 707 120Chicago
78%
62 615 060Toronto
71%
72 160 821Houston
51%
101 649 519Montreal
43%
82 135 498Hawana
34%
52 703 480Santo Domingo
15%
91 688 000Ecatepec
1%

Rozkład punktacji

Percentyl według liczby udzielonych odpowiedzi

Procent ludzi z każdym wynikiem

Twoja historia wyników

Nie rozwiązałeś tego quizu